00722cam a2200217 a 4500001000800000005001700008008004100025020002100066020002100087040001800108082001800126245012400144260004400268300001700312650002100329650001400350650002800364650001400392700003200406856006600438252244020231122020724.0930222s1993 enk b 001 0 eng  a0415050103 (hdk) a0415050111 (pbk) aDLCcDLCdDLC00a305.42/0122000aUp against Foucault :bexplorations of some tensions between Foucault and feminism /cedited by Caroline Ramazanoğlu. aLondon ;aNew York :bRoutledge,c1993. aix, 271 p. ; 0aFeminist theory. 0aFeminism. 0aPower (Social sciences) 0aSex role.1 aRamazanoglu, Caroline,eedt42uhttp://www.loc.gov/catdir/enhancements/fy0648/93009861-d.html